000 00998naa a22002897a 4500
001 BR8803115
003 BR-BrBNA
005 20240918180139.0
007 ta
008 230509b bl.||||| |||| 00| 0 por d
040 _aBR-BrBNA
_bpor
_cBiblioteca Nacional de Agricultura
041 _a(Pt)
072 _aF30; S01; Q01
_b0336
090 _aF30 BR8803115
100 1 _aPanizzi, M.C.
111 1 _a1. Seminario Brasileiro de Soja na Alimentacao
_cSao Paulo, SP (Brazil)
_d23-24 Jun 1987
245 1 _aDesenvolvimento de cultivares de soja adaptadas para consumo "in natura" e para a industria de alimentos
260 3 _aSao Paulo, SP (Brasil):
_c1987.
500 _a3. CISOJA Sao Paulo, SP (Brasil): 1987. p. 143-147 (BR8803115-AM)F30
650 _aSOJA
650 _aVARIEDADE
650 _aCONSUMO
650 _aTECNOLOGIA DE ALIMENTO
773 0 _t3. CISOJA
_w0336 BR8803098
_gSao Paulo, SP (Brasil), 1987.
_q173 p.
909 _a202404
_bLucia
_c55
_dLucia Elande
942 _cAM
_2AGRIS
999 _c319287
_d319287